Bundesliga Aufstellungen des 1.Spieltag 2016/17 - Statistiken

Allgemein
  • Dieses Quiz wurde 97 mal gespielt
  • Das Durchschnittsergebnis liegt bei 65 aus 198
Antwortstatistiken
Antwort % Korrekt
GER Neuer
99%
AUT Alaba
97%
POL Lewandowski
97%
GER Hummels
96%
GER Müller
94%
FRA Ribery
94%
CHI Vidal
93%
ESP Martinez
91%
ESP Thiago
91%
GER Lahm
87%
FIN Hradecky
76%
SUI Bürki
73%
GBN Aubameyang
71%
GER Fährmann
71%
JAP Kagawa
69%
SUI Sommer
69%
ESP Alonso
66%
SUI Hitz
63%
GER Hunt
63%
BEL Casteels
61%
ESP Bartra
60%
GER Baumann
60%
GRE Sokratis
60%
ARG Di Santo
59%
CRO Kramaric
59%
GER Leno
59%
DEN Poulsen
59%
HUN Orban
57%
BRA Raffael
57%
GER Schmelzer
57%
JAP Hasebe
56%
NED Huntelaar
56%
SEN Sane
56%
HUN Gulacsi
54%
BRA Naldo
54%
BOS Ibisevic
51%
BOS Kolasinac
51%
GER Adler
50%
ISL Finnbogason
50%
CZE Gebre Selassie
50%
ITA Grifo
50%
GER Horn
50%
FRA Modeste
50%
TUR Toprak
50%
GER Werner
50%
NED Dost
49%
SUI Elvedi
49%
NOR Jarstein
49%
GER Meier
49%
SVK Pekarik
49%
SUI Rodriguez
49%
SWE Wendt
49%
USA Wood
49%
FRA Dembele
47%
GER Groß
47%
AUT Sabitzer
47%
USA Brooks
46%
GER Halstenberg
46%
GER Höwedes
46%
ARG Abraham
44%
CHI Aranguiz
44%
SRB Kostic
44%
CAM Choupo-Moting
43%
GER Draxler
41%
AUT Baumgartlinger
40%
SVN Kampl
40%
GER Meyer
40%
JAP Sakai
40%
GER Tah
40%
BRA Wendell
40%
ITA Caligiuri
39%
DEN Christensen
39%
GER Günter
39%
CZE Kaderabek
39%
GER Kramer
37%
GER Plattenhardt
37%
GER Bell
36%
TUR Calhanoglu
36%
GER | JAM Hector
36%
CRO Jedvaj
36%
GER Rudy
36%
NED Gouweleeuw
34%
GER Süle
34%
BRA Caiuby
33%
ITA Caldirola
33%
GER Hahn
33%
ALB Mavraj
33%
NOR Skjelbred
33%
PAR Bobadilla
31%
TUR Söyüncü
31%
GER Wiedwald
31%
SUI Djourou
30%
LAT Rudnevs
30%
GER Höfler
29%
AUS Leckie
29%
GER Schürrle
29%
GER Stindl
29%
GER Volland
29%
GER Wagner
29%
BRA Gustavo
27%
GER Rode
27%
TUR Malli
26%
NOR Nyland
26%
GRE Stafylidis
26%
GUI Traore
26%
NED Verhaegh
26%
ITA Donati
24%
JAP Haraguchi
24%
ESP Mascarell
24%
GER Schwolow
24%
ALB Abrashi
23%
CZE Darida
23%
GER Demme
23%
SRB Gacinovic
23%
AUT Gregoritsch
23%
HUN Huszti
23%
POL Kuba Blaszczykowski
23%
SUI Lustenberger
23%
GER Baier
21%
GER Bellarabi
21%
GER Gerhardt
21%
GER Jantschke
21%
NED Bruma
20%
GER Kohr
20%
KOR Koo
20%
GER Passlack
20%
GER Heller
19%
ISL Johannsson
19%
GER Jung
19%
GER Matip
19%
GER Risse
19%
SUI Schär
19%
GER Castro
17%
AUT Onisiwo
17%
GER Compper
16%
SWE Hrgota
16%
GER Knoche
16%
DEN Lössl
16%
GER Ostrzolek
16%
GER Kaiser
14%
PAR Lezcano
14%
SVN Maroh
14%
GER Uth
14%
BRA Cleber
13%
GER Didavi
13%
AUT Grillitsch
13%
GER Hartmann
13%
AUT Ilsanker
13%
GER Philipp
13%
GER Vogt
13%
GER Fritz
11%
GER Gulde
11%
GER Höger
11%
GER Holland
11%
DEN Sörensen
11%
URU Varela
11%
TUN Ben-Hatira
10%
GER Brosinski
10%
CDV Gbamin
10%
GER Niederlechner
10%
NIG Balogun
9%
GER Bittencourt
9%
BRA Caicara
9%
HUN Kleinheisler
9%
USA Morales
9%
GER Schmitz
9%
GER Serdar
9%
GER Aogo
7%
GER Bartels
7%
FRA Bregerie
7%
SUI Frei
7%
GER Weiser
7%
MLI Yatabare
7%
GER Clemens
6%
GER Haberer
6%
GER Lehmann
6%
GER Oczipka
6%
GER Strobl
6%
AUT Suttner
6%
GER Esser
4%
GER Langkamp
4%
GER Levels
4%
BRA Roger
4%
GER Bauer
3%
SEN Diagne
3%
GER Geis
3%
GER Schipplock
3%
BOS Vrancic
3%
UKR Fedetskiy
1%
GER Gondorf
1%
GER Höhn
1%
SRB Ignjowski
1%
SWE Milosevic
1%
GER Rupp
1%
GER Janker
0%
GER Ochs
0%
Keine übereinstimmenden Quizze gefunden
Verteilung der Resultate
Anzahl Personen mit jedem Resultat
Perzentil nach korrekt beantworteten Fragen
Ihre Resultats-Entwicklung
Sie haben dieses Quiz noch nicht gespielt